Egalitarian Dynamics : Liminality, and Victor Turner's Contribution to the Understanding of Socio-Historical Process.

No detailed description available for "Egalitarian Dynamics".

Bibliographic Details
Main Author: Kapferer, Bruce.
Other Authors: Gold, Marina.
Format: eBook
Language:English
Published: New York, NY : Berghahn Books, Incorporated, 2024.
Edition:1st ed.
Series:Egalitarianism Series
Subjects:
Online Access:Click to View
LEADER 01703nam a22004093i 4500
001 EBC31498603
003 MiAaPQ
005 20240729202206.0
006 m o d |
007 cr cnu||||||||
008 240729s2024 xx o ||||0 eng d
020 |a 9781805395904  |q (electronic bk.) 
020 |z 9781805395881 
035 |a (MiAaPQ)EBC31498603 
035 |a (Au-PeEL)EBL31498603 
035 |a (OCoLC)1428215859 
040 |a MiAaPQ  |b eng  |e rda  |e pn  |c MiAaPQ  |d MiAaPQ 
082 0 |a 303.4 
100 1 |a Kapferer, Bruce. 
245 1 0 |a Egalitarian Dynamics :  |b Liminality, and Victor Turner's Contribution to the Understanding of Socio-Historical Process. 
250 |a 1st ed. 
264 1 |a New York, NY :  |b Berghahn Books, Incorporated,  |c 2024. 
264 4 |c Ã2024. 
300 |a 1 online resource (409 pages) 
336 |a text  |b txt  |2 rdacontent 
337 |a computer  |b c  |2 rdamedia 
338 |a online resource  |b cr  |2 rdacarrier 
490 1 |a Egalitarianism Series ;  |v v.2 
520 |a No detailed description available for "Egalitarian Dynamics". 
588 |a Description based on publisher supplied metadata and other sources. 
590 |a Electronic reproduction. Ann Arbor, Michigan : ProQuest Ebook Central, 2024. Available via World Wide Web. Access may be limited to ProQuest Ebook Central affiliated libraries.  
655 4 |a Electronic books. 
700 1 |a Gold, Marina. 
776 0 8 |i Print version:  |a Kapferer, Bruce  |t Egalitarian Dynamics  |d New York, NY : Berghahn Books, Incorporated,c2024  |z 9781805395881 
797 2 |a ProQuest (Firm) 
830 0 |a Egalitarianism Series 
856 4 0 |u https://ebookcentral.proquest.com/lib/matrademy/detail.action?docID=31498603  |z Click to View